MLB 100-RBI Seasons Since 2010 - Statistics

General Stats
  • This quiz has been taken 74 times
    14 since last reset
  • The average score is 206 of 266
Answer Stats
RBI Team Year Player % Correct
144 NYY 2024 Aaron Judge
100%
131 NYY 2022 Aaron Judge
100%
114 NYY 2025 Aaron Judge
100%
114 NYY 2017 Aaron Judge
100%
125 NYY 2010 Álex Rodríguez
100%
105 MIL 2012 Aramis Ramírez
100%
114 PHI 2019 Bryce Harper
100%
100 WSN 2018 Bryce Harper
100%
127 BOS 2016 David Ortiz
100%
108 BOS 2015 David Ortiz
100%
104 BOS 2014 David Ortiz
100%
103 BOS 2013 David Ortiz
100%
102 BOS 2010 David Ortiz
100%
121 ATL 2019 Freddie Freeman
100%
109 ATL 2013 Freddie Freeman
100%
102 LAD 2023 Freddie Freeman
100%
100 LAD 2022 Freddie Freeman
100%
132 MIA 2017 Giancarlo Stanton
100%
105 MIA 2014 Giancarlo Stanton
100%
100 NYY 2018 Giancarlo Stanton
100%
111 BOS 2016 Hanley Ramírez
100%
126 CLE 2022 José Ramírez
100%
118 CLE 2024 José Ramírez
100%
105 CLE 2018 José Ramírez
100%
103 CLE 2021 José Ramírez
100%
116 PIT 2019 Josh Bell
100%
110 WSN 2019 Juan Soto
100%
109 SDP 2023 Juan Soto
100%
109 NYY 2024 Juan Soto
100%
105 NYM 2025 Juan Soto
100%
103 SEA 2023 Julio Rodríguez
100%
139 ATL 2023 Matt Olson
100%
111 OAK 2021 Matt Olson
100%
103 ATL 2022 Matt Olson
100%
139 DET 2012 Miguel Cabrera
100%
137 DET 2013 Miguel Cabrera
100%
126 DET 2010 Miguel Cabrera
100%
109 DET 2014 Miguel Cabrera
100%
108 DET 2016 Miguel Cabrera
100%
105 DET 2011 Miguel Cabrera
100%
111 LAA 2014 Mike Trout
100%
104 LAA 2019 Mike Trout
100%
100 LAA 2016 Mike Trout
100%
113 BOS 2016 Mookie Betts
100%
107 LAD 2023 Mookie Betts
100%
102 BOS 2017 Mookie Betts
100%
115 BOS 2019 Rafael Devers
100%
113 BOS 2021 Rafael Devers
100%
109 BOS/SFG 2025 Rafael Devers
100%
100 BOS 2023 Rafael Devers
100%
130 LAD 2024 Shohei Ohtani
100%
102 LAD 2025 Shohei Ohtani
100%
100 LAA 2021 Shohei Ohtani
100%
117 BOS 2011 Adrián González
90%
116 LAD 2014 Adrián González
90%
108 BOS/LAD 2012 Adrián González
90%
101 SDP 2010 Adrián González
90%
100 LAD 2013 Adrián González
90%
119 LAA 2016 Albert Pujols
90%
118 STL 2010 Albert Pujols
90%
105 LAA 2012 Albert Pujols
90%
105 LAA 2014 Albert Pujols
90%
101 LAA 2017 Albert Pujols
90%
126 WSN 2019 Anthony Rendon
90%
100 WSN 2017 Anthony Rendon
90%
109 CHC 2016 Anthony Rizzo
90%
109 CHC 2017 Anthony Rizzo
90%
101 CHC 2015 Anthony Rizzo
90%
101 CHC 2018 Anthony Rizzo
90%
109 KCR 2024 Bobby Witt Jr.
90%
125 SEA 2025 Cal Raleigh
90%
100 SEA 2024 Cal Raleigh
90%
117 COL 2010 Carlos González
90%
100 COL 2016 Carlos González
90%
138 BAL 2013 Chris Davis
90%
117 BAL 2015 Chris Davis
90%
110 MIL 2018 Christian Yelich
90%
103 MIL 2025 Christian Yelich
90%
115 LAD 2019 Cody Bellinger
90%
127 TOR 2016 Edwin Encarnación
90%
111 TOR 2015 Edwin Encarnación
90%
110 TOR 2012 Edwin Encarnación
90%
107 CLE 2017 Edwin Encarnación
90%
107 CLE 2018 Edwin Encarnación
90%
104 TOR 2013 Edwin Encarnación
90%
113 CIN 2010 Joey Votto
90%
103 CIN 2011 Joey Votto
90%
100 CIN 2017 Joey Votto
90%
123 CHW 2019 José Abreu
90%
117 CHW 2021 José Abreu
90%
107 CHW 2014 José Abreu
90%
102 CHW 2017 José Abreu
90%
101 CHW 2015 José Abreu
90%
100 CHW 2016 José Abreu
90%
124 TOR 2010 José Bautista
90%
114 TOR 2015 José Bautista
90%
103 TOR 2011 José Bautista
90%
103 TOR 2014 José Bautista
90%
128 TEX 2012 Josh Hamilton
90%
100 TEX 2010 Josh Hamilton
90%
123 OAK 2018 Khris Davis
90%
110 OAK 2017 Khris Davis
90%
102 OAK 2016 Khris Davis
90%
102 CHC 2016 Kris Bryant
90%
132 PHI 2025 Kyle Schwarber
90%
104 PHI 2023 Kyle Schwarber
90%
104 PHI 2024 Kyle Schwarber
90%
112 HOU 2023 Kyle Tucker
90%
107 HOU 2022 Kyle Tucker
90%
107 BAL/LAD 2018 Manny Machado
90%
106 SDP 2021 Manny Machado
90%
105 SDP 2024 Manny Machado
90%
102 SDP 2022 Manny Machado
90%
124 MIA 2017 Marcell Ozuna
90%
104 ATL 2024 Marcell Ozuna
90%
100 ATL 2023 Marcell Ozuna
90%
119 SEA 2017 Nelson Cruz
90%
108 BAL 2014 Nelson Cruz
90%
108 MIN 2019 Nelson Cruz
90%
105 SEA 2016 Nelson Cruz
90%
133 COL 2016 Nolan Arenado
90%
130 COL 2015 Nolan Arenado
90%
130 COL 2017 Nolan Arenado
90%
118 COL 2019 Nolan Arenado
90%
110 COL 2018 Nolan Arenado
90%
105 STL 2021 Nolan Arenado
90%
103 STL 2022 Nolan Arenado
90%
125 ARI 2013 Paul Goldschmidt
90%
120 ARI 2017 Paul Goldschmidt
90%
115 STL 2022 Paul Goldschmidt
90%
110 ARI 2015 Paul Goldschmidt
90%
100 PIT 2013 Pedro Álvarez
90%
131 NYM 2022 Pete Alonso
90%
126 NYM 2025 Pete Alonso
90%
120 NYM 2019 Pete Alonso
90%
118 NYM 2023 Pete Alonso
90%
120 MIL 2011 Prince Fielder
90%
108 DET 2012 Prince Fielder
90%
106 DET 2013 Prince Fielder
90%
106 ATL 2023 Ronald Acuña Jr.
90%
101 ATL 2019 Ronald Acuña Jr.
90%
112 MIL 2012 Ryan Braun
90%
111 MIL 2011 Ryan Braun
90%
103 MIL 2010 Ryan Braun
90%
116 PHI 2011 Ryan Howard
90%
108 PHI 2010 Ryan Howard
90%
121 KCR 2021 Salvador Perez
90%
104 KCR 2024 Salvador Perez
90%
100 KCR 2025 Salvador Perez
90%
115 TEX 2010 Vladimir Guerrero
90%
111 TOR 2021 Vladimir Guerrero Jr.
90%
103 TOR 2024 Vladimir Guerrero Jr.
90%
104 HOU 2021 Yordan Alvarez
90%
108 BAL 2013 Adam Jones
80%
107 ATL 2021 Austin Riley
80%
104 COL 2017 Charlie Blackmon
80%
107 NYM 2022 Francisco Lindor
80%
111 CHC 2018 Javier Báez
80%
130 BOS 2018 JD Martinez
80%
104 DET/ARI 2017 JD Martinez
80%
103 LAD 2023 JD Martinez
80%
102 DET 2015 JD Martinez
80%
123 TOR 2015 Josh Donaldson
80%
101 SEA 2021 Kyle Seager
80%
126 LAD 2011 Matt Kemp
80%
108 ATL/SDP 2016 Matt Kemp
80%
100 SDP 2015 Matt Kemp
80%
109 ATL 2023 Ozzie Albies
80%
106 ATL 2021 Ozzie Albies
80%
111 DET 2025 Riley Greene
80%
118 NYY 2011 Robinson Canó
80%
109 NYY 2010 Robinson Canó
80%
107 NYY 2013 Robinson Canó
80%
103 SEA 2016 Robinson Canó
80%
103 DET 2011 Victor Martinez
80%
103 DET 2014 Victor Martinez
80%
117 BOS 2019 Xander Bogaerts
80%
103 BOS 2018 Xander Bogaerts
80%
107 TEX 2023 Adolis García
70%
101 TEX 2022 Adolis García
70%
105 TEX 2011 Adrian Beltré
70%
104 TEX 2016 Adrian Beltré
70%
102 BOS 2010 Adrian Beltré
70%
102 TEX 2012 Adrian Beltré
70%
112 HOU 2019 Alex Bregman
70%
103 HOU 2018 Alex Bregman
70%
118 ARI/SEA 118 Eugenio Suarez
70%
104 CIN 2018 Eugenio Suárez
70%
103 CIN 2019 Eugenio Suárez
70%
101 ARI 2024 Eugenio Suárez
70%
104 TBR 2010 Evan Longoria
70%
110 TBR 2025 Junior Caminero
70%
102 TOR 2021 Marcus Semien
70%
100 TEX 2023 Marcus Semien
70%
111 NYY 2011 Mark Teixeira
70%
108 NYY 2010 Mark Teixeira
70%
108 BAL 2016 Mark Trumbo
70%
100 LAA 2013 Mark Trumbo
70%
111 CHW 2010 Paul Konerko
70%
105 CHW 2011 Paul Konerko
70%
112 MIL 2024 Willy Adames
70%
112 OAK 2024 Brent Rooker
60%
103 SFG 2012 Buster Posey
60%
103 ARI 2023 Christian Walker
60%
119 NYY 2011 Curtis Granderson
60%
106 NYY 2012 Curtis Granderson
60%
117 KCR 2019 Jorge Soler
60%
105 LAD 2023 Max Muncy
60%
106 PHI 2023 Nick Castellanos
60%
101 DET 2017 Nick Castellanos
60%
100 CIN 2021 Nick Castellanos
60%
108 WSN 2017 Ryan Zimmerman
60%
116 TOR 2021 Teoscar Hernández
60%
108 COL 2018 Trevor Story
60%
103 WSN 2010 Adam Dunn
50%
102 BAL 2024 Anthony Santander
50%
102 TOR 2021 Bo Bichette
50%
115 SDP 2012 Chase Headley
50%
103 NYM 2010 David Wright
50%
112 MIN 2010 Delmon Young
50%
102 NYY 2019 DJ LeMahieu
50%
104 KCR 2016 Eric Hosmer
50%
109 CIN 2013 Jay Bruce
50%
101 NYM/CLE 2017 Jay Bruce
50%
108 CLE 2024 Josh Naylor
50%
110 MIN 2012 Josh Willingham
50%
109 DET/LAA 2017 Justin Upton
50%
102 ATL 2014 Justin Upton
50%
106 TEX 2011 Michael Young
50%
100 LAD 2022 Trea Turner
50%
105 COL 2011 Troy Tulowitzki
50%
113 KCR 2025 Vinnie Pasquantino
50%
113 ATL/MIA 2021 Adam Duvall
40%
103 CIN 2016 Adam Duvall
40%
100 ARI 2010 Adam LaRoche
40%
100 ARI 2012 Adam LaRoche
40%
107 KCR 2012 Billy Butler
40%
103 CIN 2013 Brandon Phillips
40%
102 COL 2022 CJ Cron
40%
109 MIN 2019 Eddie Rosario
40%
118 ARI 2019 Eduardo Escobar
40%
108 MIL 2018 Jesús Aguilar
40%
105 DET/NYM 2015 Yoenis Céspedes
40%
100 OAK/BOS 2014 Yoenis Céspedes
40%
108 CHC 2012 Alfonso Soriano
30%
101 CHC/NYY 2013 Alfonso Soriano
30%
105 FLA 2010 Dan Uggla
30%
100 ARI 2025 Geraldo Perdomo
30%
104 PHI/SFG 2012 Hunter Pence
30%
105 BOS 2011 Jacoby Ellsbury
30%
103 STL 2010 Matt Holliday
30%
102 STL 2012 Matt Holliday
30%
103 CHC 2025 Seiya Suzuki
30%
104 HOU 2019 Yuli Gurriel
30%
106 TBR 2021 Austin Meadows
20%
104 WSN 2016 Daniel Murphy
20%
105 ARI 2017 Jake Lamb
20%
105 BAL 2017 Jonathan Schoop
20%
106 KCR 2015 Kendrys Morales
20%
101 CLE 2016 Mike Napoli
20%
100 SEA 2021 Mitch Haniger
20%
103 LAA 2025 Taylor Ward
20%
101 MIL 2017 Travis Shaw
20%
102 MIL 2010 Corey Hart
10%
101 TEX 2017 Nomar Mazara
10%
104 MIL 2010 Casey McGehee
0%
No matching quizzes found
Score Distribution
Percent of People with Each Score
Percentile by Number Answered
Your Score History
You have not taken this quiz since the last reset